| 000 | 00697nam a2200217 a 4500 | ||
|---|---|---|---|
| 001 | 000019420 | ||
| 005 | 20200929170019.0 | ||
| 008 | 100628s1977 ag r 000 p spa d | ||
| 040 |
_aDO-SdBNP _bspa _cBNPHU |
||
| 082 |
_aA861 _bP745a |
||
| 245 | 0 | 0 |
_aPoesía de la Argentina : _bde Tejada a Lugones. |
| 250 | _a2a ed. | ||
| 260 |
_aBuenos Aires, Argentina : _bEditorial Universitaria de Buenos Aires, _c1977. |
||
| 300 |
_a126 p. ; : _b18 cm. |
||
| 490 | 1 | _aColección nuevo mun do EUDEBA | |
| 500 | _aIncluye bibliografía pág. [125-126]. | ||
| 650 | 4 |
_aPoesía argentina _93859 |
|
| 650 | 4 |
_aLiteratura argentina _93860 |
|
| 830 | 0 |
_aColección nuevo mun do EUDEBA _941685 |
|
| 049 | _aBNGR | ||
| 999 |
_c18936 _d18936 |
||